000 00373cam a22001097a 4500
008 180718b1957 xxu||||| |||| 00| 0 eng d
082 _aU61 LIC/1957
245 _aInterim report on the activities of life insurance corporation of India
_cby Ministry of Finance, India
260 _aNew Delhi
_bBritish India Press
_c1957
300 _a47p.
700 _aIndia.Ministry of Finance
999 _c498326
_d498326